| 000 | 00717nam a22002295i 4500 | ||
|---|---|---|---|
| 001 | 173522 | ||
| 003 | ES-MaACL | ||
| 005 | 20230906215249.0 | ||
| 008 | 091204s1971 xxk |||| | eng d | ||
| 020 | _a416-11680-9 | ||
| 080 | _a81'232 | ||
| 100 | 1 |
_aHerriot, Peter. _963371 |
|
| 245 | 1 | 3 |
_aAn introduction to the psychology of language / _cPeter Herriot. |
| 250 | _a1ª ed., 1ª repr. | ||
| 260 |
_aLondon : _bMethuen, _c1971. |
||
| 300 |
_a197 p. ; _c23 cm. |
||
| 490 | 1 | _aMethuens manuals of modern psychology | |
| 650 | 1 | 4 |
_aPsicolingüística. _916539 |
| 830 | 0 |
_aMethuens manuals of modern psychology _9223560 |
|
| 852 |
_aES-MaACL _jE-13212 _z.- Donativo doctor Calles |
||
| 999 |
_c173522 _d173522 |
||